LIBRARY & INFORMATION CENTRE, KCAET, TAVANUR

ONLINE PUBLIC ACCESS CATALOGUE (OPAC)

Sadharanakkarante Dhanashasthram / (Record no. 704)

MARC details
000 -LEADER
fixed length control field 00494cam a2200193ua 4500
041 ## - LANGUAGE CODE
Language code of text/sound track or separate title mal
082 ## - DEWEY DECIMAL CLASSIFICATION NUMBER
Classification number 330.1
Item number NAR/SA
100 ## - MAIN ENTRY--AUTHOR NAME
Personal name Narasimhan, V.K .
245 ## - TITLE STATEMENT
Title Sadharanakkarante Dhanashasthram /
260 ## - PUBLICATION, DISTRIBUTION, ETC. (IMPRINT)
Place of publication Thuravoor :
Name of publisher Sree Narasimha Vilasam Book Depot ,
Year of publication 1960.
300 ## - PHYSICAL DESCRIPTION
Number of Pages 164 ; .
700 1# - ADDED ENTRY--PERSONAL NAME
Personal name Vasudevan, K .
942 ## - ADDED ENTRY ELEMENTS (KOHA)
Koha item type Books
Holdings
Withdrawn status Lost status Damaged status Home library Current library Date acquired Cost, normal purchase price Full call number Accession Number Koha item type
Withdrawn     KAUAET KAUAET 07/04/2012 1.50 330.1 838 Books
Withdrawn     KAUAET Sanskrit University 07/04/2012   330.1 2606 Books
Withdrawn     KAUAET Sanskrit University 19/01/2021   330.1 NAR/SA 2605 Books
Withdrawn     KAUAET Sanskrit University 19/01/2021   330.1 NAR/SA 2607 Books
free website counter